000 01174nam a22002417a 4500
008 230921s2015 xxk|||||o|||| 00| 0 eng d
041 _aeng
110 _aRoyal Institution of Chartered Surveyors
245 _aAsset Management Services in Germany
_h[Electronic resource]
250 _a2nd
260 _aLondon,
_bRoyal Institution of Chartered Surveyors,
_cJune 2015
300 _a76p.
490 _aRICS Guidance
500 _aThis is the English language version. There is also a German language version
520 _aStrategy; Property Purchase; Financing; Budgeting; Data Management and security; Risk Management and Compliance; Tendering and Monitoring services; building and tenancy supervision; claim management; liquidity management; construction management; refurbishment; letting services; valuation; sales services;
650 _aASSET MANAGEMENT
650 _aRISK MANAGEMENT
651 _aGermany
690 _96254
_aMachinery and assets
710 _aRoyal Institution of Chartered Surveyors
856 _uhttps://www.rics.org/profession-standards/knowledge-and-information-services
_zPlease email [email protected] for a copy
942 _n0
999 _c121671
_d121671